<?xml version="1.0" encoding="UTF-8"?><collection xmlns="info:lc/xmlns/marcxchange-v2"><record format="Unimarc" type="bibliographic"><leader>01054cam  2200301   450 </leader><controlfield tag="001">2309090</controlfield><controlfield tag="003">http://id.bnportugal.gov.pt/bib/porbase/2309090</controlfield><controlfield tag="005">20010502111300.0</controlfield><datafield ind1=" " ind2=" " tag="010"><subfield code="a">1-57259-931-6</subfield></datafield><datafield ind1=" " ind2=" " tag="035"><subfield code="a">UCJPII_201.iso/10-12-2010/27552</subfield></datafield><datafield ind1=" " ind2=" " tag="035"><subfield code="a">178337</subfield></datafield><datafield ind1=" " ind2=" " tag="100"><subfield code="a">20010502d2000    km y0pory0103    ba</subfield></datafield><datafield ind1="0" ind2=" " tag="101"><subfield code="a">eng</subfield></datafield><datafield ind1=" " ind2=" " tag="102"><subfield code="a">US</subfield></datafield><datafield ind1="1" ind2=" " tag="200"><subfield code="a">Lehninger principles of biochemistry</subfield><subfield code="f">David L. Nelson, Michael M. Cox</subfield></datafield><datafield ind1=" " ind2=" " tag="205"><subfield code="a">3. ed</subfield></datafield><datafield ind1=" " ind2=" " tag="210"><subfield code="a">New York</subfield><subfield code="c">Worth Publ.</subfield><subfield code="d">2000</subfield></datafield><datafield ind1=" " ind2=" " tag="215"><subfield code="a">XXX, 1152, [80] p.</subfield><subfield code="c">il.</subfield><subfield code="d">29 cm</subfield><subfield code="e">CD</subfield></datafield><datafield ind1=" " ind2=" " tag="675"><subfield code="a">577.11</subfield><subfield code="v">2med</subfield><subfield code="z">por</subfield></datafield><datafield ind1=" " ind2="1" tag="700"><subfield code="a">Nelson</subfield><subfield code="b">David L.</subfield></datafield><datafield ind1=" " ind2="1" tag="701"><subfield code="4">070</subfield><subfield code="a">Cox</subfield><subfield code="b">Michael M.</subfield></datafield><datafield ind1=" " ind2="0" tag="801"><subfield code="a">PT</subfield><subfield code="b">UCJPII</subfield><subfield code="g">RPC</subfield></datafield></record></collection>